Orthographe : Pluriels irréguliers 2 Niveau 1 - Statistiques

Statistiques générales
  • Ce quiz a été pris 161 fois
    129 depuis la dernière actualisation
  • Le résultat moyen est 21 sur 30
Statistiques - réponses
Hint Explanation Réponse % Correct
un animal des animaux AUX
98%
un cheval des chevaux AUX
97%
un portail des portails AILS
90%
un journal des journaux AUX
90%
un corail des coraux AUX
89%
un original des originaux AUX
89%
un canal des canaux AUX
86%
un détail des détails AILS
85%
un rail des rails AILS
82%
un carnaval des carnavals ALS
82%
un vitrail des vitraux AUX
82%
un chacal des chacals ALS
81%
un bal des bals ALS
81%
un travail des travaux AUX
81%
un orignal des orignaux AUX
78%
un régal des régals ALS
76%
un narval des narvals ALS
75%
un éventail des éventails AILS
73%
un serval
des servals
ALS
73%
un caracal des caracals ALS
61%
un amiral des amiraux AUX
59%
un attirail des attirails AILS
58%
un étal des étals ALS
57%
un gouvernail des gouvernails AILS
53%
un bail des baux AUX
45%
un soupirail des soupiraux AUX
30%
un vantail des vantaux AUX
29%
de l'ail des aulx / des ails AILS / AULX
25%
l'émail des émaux AUX
25%
un cérémonial des cérémonials ALS
20%
Aucun quiz correspondant
Distribution des résultats
% des personnes avec chaque résultat
Percentile par nombre de réponses
Votre historique - résultats
Vous n’avez pas pris ce quiz depuis la dernière actualisation